[Event "Mittelrhein Verbandsliga Nord 1920"]
[Site "Mittelrhein"]
[Date "2019.12.08"]
[Round "4.2"]
[White "Wirtz, Frank"]
[Black "Krenzel, Joachim"]
[Result "1/2-1/2"]
[WhiteElo "1940"]
[BlackElo "2003"]
[PlyCount "41"]
[EventDate "2019.09.29"]
[EventType "team-tourn"]
[EventRounds "9"]
[EventCountry "GER"]
[SourceTitle "EXT 2023"]
[Source "ChessBase"]
[SourceDate "2022.10.05"]
[SourceVersion "1"]
[SourceVersionDate "2022.10.05"]
[SourceQuality "1"]
[WhiteTeam "Leverkusen Koenigsspringer"]
[BlackTeam "Klub Koelner SF III"]
[WhiteTeamCountry "GER"]
[BlackTeamCountry "GER"]

1. Nf3 Nf6 2. c4 c5 3. Nc3 Nc6 4. e4 d6 5. d3 g6 6. g3 Bg7 7. Bg2 0-0 8. 0-0 Bd7 9. Ne1 a6 10. Rb1 Rb8 11. Bd2 b5 12. b3 Nd4 13. Nc2 Ng4 14. Ne2 Nxc2 15. Qxc2 b4 16. h3 Ne5 17. Be3 Nc6 18. Rbd1 Nd4 19. Bxd4 Bxd4 20. Nxd4 cxd4 21. f4 1/2-1/2